|
|
|
|
| LEADER |
00000nam a22000007a 4500 |
| 005 |
2019072604134.0 |
| 007 |
cr|||| |||| |
| 008 |
190726s2018 es |||||s|||| 00||0 spa d |
| 020 |
|
|
|a 978-84-1324-021-3
|
| 035 |
|
|
|a 23768
|
| 040 |
|
|
|a vLex
|
| 090 |
|
|
|c 9073
|d 9073
|
| 100 |
1 |
|
|a Peąsco Velasco, Rosa
|
| 245 |
1 |
2 |
|a El testamento olg̤rafo otorgado por personas que escriben con la boca o con el pie
|h [Recurso electrn̤ico] /
|c Rosa Peąsco Velasco
|
| 256 |
|
|
|a Servicio en ln̕ea
|
| 260 |
|
|
|a Madrid:
|b Dykinson,
|c 2018
|
| 300 |
|
|
|a 1 recurso electrn̤ico
|
| 506 |
1 |
|
|a Disponible solo en los productos indicados
|d vLex Global
|d vLex Global (Academic Edition, excluding Law Schools)
|d vLex Global (U.S. Academic Edition, Law Schools)
|d vLex Global (U.S. Academic Edition, excluding Law Schools)
|d vLex Global (Academic Edition, Law Schools)
|
| 650 |
0 |
4 |
|a Derecho Civil
|z Espaą
|
| 740 |
0 |
|
|a vLex Libros (Servicio en ln̕ea)
|
| 856 |
4 |
0 |
|u http://vlex.com/source/testamento-olografo-otorgado-personas-escriben-boca-pie-23768
|z Acceso restringido
|
| 942 |
|
|
|c BOOK
|
| 999 |
0 |
|
|a Civil Law
|